1520 1510 1006 1295 1902 1142 1956 1122 1726 1702 1171 2000 1923 1982 1335 1207 1389 1020 1865 1546 1819 1811 1124 1872 1382 1971 1724 1261 1994 1209 1668 1184 1134 1453 1521 1765 1688 1114 1510 1663 1559 1444 1603 1930 1949 1924 1556 1674 1313 1689 1125 1173 1029 1626 1273 1431 1922 1114 1582 1120 1182 1147 1151 1428 1948 1298 1570 1887 1759 1139 1801 1864 1447 1247 1022 1561 1411 1944 1530 1026 1488 1551 1796 1658 1950 1586 1368 1473 1429 1845 1087 1657 1113 1060 1972 1120 1412 1517 1108 BCNSPRNW ULIB Ver.6.0+V

เปลี่ยนเป็นภาษาไทย

Change to English
 แสดงรายละเอียดบรรณานุกรม
  กลับหน้าหลัก

Brief Record : Get Marc (ISO 2709) : E-mail record : QR code < ปิดหน้าต่าง
LEADER : 00000nam 2200000uu 4500
001    13399127457
003     ULIB
008    200529s2019||||th 000 0 tha d
020    ^a9781496389589
060 04 ^aWM34^bS126k
100 1  ^aSadock, Benjamin J.,^d1933-
245 10 ^aKaplan & Sadock s pocket handbook of psychiatric drugtreatment /^cBenjamin J. Sadock, Virginia A. Sadock,Norman Sussman
246 30 ^aKaplan and Sadock s pocket handbook of psychiatric drugtreatment
246 30 ^aPocket handbook of psychiatric drug treatment
246 30 ^aPsychiatric drug treatment
250    ^a4th ed.
260    ^aPhiladelphia :^bWolters Kluwer,^c2019
300    ^axx, 315 p. :^bill. ;^c21 cm.
504    ^aIncludes bibliographical references and index
650  2 ^aMental Disorders^xdrug therapy^vhandbooks
650  2 ^aPsychotropic Drugs^xtherapeutic use^vhandbooks
700 1  ^aSadock, Virginia A.
700 1  ^aSussman, Norman
945    ^p0^l0^i28358
999    ^aกัณชพร จุลอักษร
รายการนี้ยังไม่มีแท็ก
คุณยังไม่ได้ล็อกอิน คุณสามารถมีกิจกรรมร่วมกับเว็บไซต์ได้ แต่ต้องล็อกอินก่อน ::
  ล็อกอิน

รายการสื่อสารสนเทศ

ลำดับที่ ประเภท เลขเรียก/บาร์โค้ด สถานที่ สถานะ
1. หนังสือสำรอง
หนังสือสำรอง
WM34 S126k ฉ.1 
  Barcode: 28358
ห้องสมุดวิทยาเขตนครสวรรค์
►หนังสือทั่วไป:l:General Books
บนชั้น

BibComment


ยังไม่เคยถูกคอมเมนท์

คอมเมนท์ทรัพยากรรายการนี้
  คอมเมนท์: Kaplan Sadock s..


 Copyright 2026. Bcnsprnw @Library